000 00415nam a22001697a 4500
003 MPLRDC
005 20220104143849.0
008 210129b ||||| |||| 00| 0 eng d
082 _a947.413 JJYR v.6
100 _a臼井仪人
245 _a蜡笔小新. 六
_c
250 _a再版
260 _a
_b漫画家有限公司
_c1995
300 _b
650 _a蜡笔小新漫画
942 _cBK
_o947.413 JJYR v.6
999 _c44078
_d44068